Catálogo
 En Linea

Mondongos para el Señor Obispo / (Registro nro. 9364)

Detalles MARC
000 -CABECERA
campo de control de longitud fija 00750cam a22002414a 4500
001 - NÚMERO DE CONTROL
campo de control 000009604
005 - FECHA Y HORA DE LA ÚLTIMA TRANSACCIÓN
campo de control 20200929161635.0
008 - DATOS DE LONGITUD FIJA--INFORMACIÓN GENERAL
campo de control de longitud fija 040429s2002 pn a 001 j spa
010 ## - NÚMERO DE CONTROL DE LA BIBLIOTECA DEL CONGRESO
Número de control de LC 2004423778
020 ## - NÚMERO INTERNACIONAL ESTÁNDAR DEL LIBRO
Número Internacional Estándar del Libro 9962812194
035 ## - NÚMERO DE CONTROL DEL SISTEMA
Número de control de sistema (NcChVT)VT91PN228
040 ## - FUENTE DE LA CATALOGACIÓN
Centro catalogador/agencia de origen DO-SdBNP
Lengua de catalogación spa
Centro/agencia transcriptor LC
Centro/agencia modificador BNPHU
042 ## - CÓDIGO DE AUTENTICACIÓN
Código de autenticación pcc
082 ## - NÚMERO DE LA CLASIFICACIÓN DECIMAL DEWEY
Número de clasificación P863.44
Número de documento/Ítem A696m
049 ## - FONDOS LOCALES (OCLC)
Fondos de biblioteca BNGR
100 1# - ENTRADA PRINCIPAL--NOMBRE DE PERSONA
Nombre de persona Villalaz de Arias, Marisin,
Fechas asociadas al nombre 1930-
Forma completa/desarrollada del nombre (Marisin Villalaz)
9 (RLIN) 24453
245 10 - MENCIÓN DE TÍTULO
Título Mondongos para el Señor Obispo /
Mención de responsabilidad, etc. Marisin Villalaz de Arias.
260 ## - PUBLICACIÓN, DISTRIBUCIÓN, ETC.
Lugar de publicación, distribución, etc. Panamá :
Nombre del editor, distribuidor, etc. Círculo de Lectura de la USMA,
Fecha de publicación, distribución, etc. 2002.
300 ## - DESCRIPCIÓN FÍSICA
Extensión 176 p. :
Otras características físicas il. ;
Dimensiones 21 cm.
650 #4 - PUNTO DE ACCESO ADICIONAL DE MATERIA--TÉRMINO DE MATERIA
Término de materia o nombre geográfico como elemento de entrada Cuentos panameños
9 (RLIN) 18046
650 #4 - PUNTO DE ACCESO ADICIONAL DE MATERIA--TÉRMINO DE MATERIA
Término de materia o nombre geográfico como elemento de entrada Literatura panameña
9 (RLIN) 4261
910 ## - DATOS DE OPCIÓN DEL USUARIO (OCLC)
Datos de opción del usuario Catalogación por copia / LC
Existencias
Estado de retiro Estado de pérdida Restricciones de uso No para préstamo Código de colección Localización permanente Ubicación/localización actual Ubicación en estantería Fecha de adquisición Número de inventario Total de préstamos Signatura topográfica completa Código de barras Fecha visto por última vez Precio válido a partir de Tipo de ítem Koha
    Préstamo interno   Monografías: Libros y Folletos General General En catalogación 30.09.2009 LF1   P863.44 A696m 9604-10 25.06.2020 25.06.2020 Préstamo interno

Con tecnología Koha